000 00251nam a22001217a 4500
008 170127b xxu||||| |||| 00| 0 eng d
041 _aeng
080 _a61
100 _a3
101 _aSHM
245 _aLIPID DISORDERS
_cGOTTO, A.M
942 _2udc
_cBK
999 _c3912
_d3912